| 000 | 00620nam a22002057a 4500 | ||
|---|---|---|---|
| 005 | 20240517071533.0 | ||
| 008 | 240517b |||||||| |||| 00| 0 eng d | ||
| 020 | _a9789393864130 | ||
| 040 |
_aIN-DiNC _cIN-DiNC |
||
| 041 | _deng | ||
| 082 |
_a011.75 _bSUM |
||
| 245 |
_aSummary of Doctoral theses/ _ced. by Dipamani Das and Kshirod Saikia |
||
| 250 | _bV. 10 | ||
| 260 |
_aGuwahati: _bAssam College Teachers Association/ _c2022. |
||
| 300 | _a312p. | ||
| 650 | _aAbstract of the theses of the college teachers of Assam | ||
| 700 |
_aDas, Dipamani _eEditor |
||
| 700 |
_aSaikia, Kshirod _eEditor |
||
| 942 |
_2ddc _cBK |
||
| 999 |
_c11821 _d11821 |
||